| 000 | 00879nas a2200253 454500 | ||
|---|---|---|---|
| 001 | 45983 | ||
| 005 | 20260407193511.0 | ||
| 008 | 260407s1989####ag###########|||spa#d | ||
| 003 | AR-UNSa-BCEJYS | ||
| 040 |
_aAR-UNSa-BCEJYS _bspa _cAR-UNSa-BCEJYS |
||
| 080 |
_a001.891 _xInvestigación científica. Métodos de investigación |
||
| 245 | 1 | 0 |
_aCiencia hoy _pRevista de divulgación científica y tecnológica de la Asociación Ciencia Hoy |
| 022 | _a0327-1218 | ||
| 264 | 1 |
_aBuenos Aires : _bAsociación Civil Ciencia Hoy _c1989 |
|
| 310 | _aFrecuencia: Bimestral | ||
| 041 | _aspa | ||
| 942 | _cSER | ||
| 590 | _aniveau_biblio:s niveau_hierar:1 | ||
| 100 | 1 | _aAsociación Civil Ciencia Hoy | |
| 650 | _aInvestigación | ||
| 650 | _aTecnología | ||
| 650 | _aCiencia | ||
| 856 | 4 | 1 |
_uhttps://www.biblioeco.unsa.edu.ar/pmb/images/revistas/R21823.jpg _yImagen de portada _qimage/jpeg |
| 999 |
_c8940 _d8940 |
||